| 000 | 00487nam a2200169Ia 4500 | ||
|---|---|---|---|
| 999 |
_c7822 _d7822 |
||
| 020 | _a9788131604038 | ||
| 082 | _a307.760954 URB- | ||
| 245 | 0 | _aUrban fringe of Indian cities: Professor Jaymala Diddee felicitation volume | |
| 260 |
_aJaipur _bRawat Publications _c2011 |
||
| 300 | _axxiv, 279 | ||
| 504 | _aincludes index | ||
| 650 |
_aCities and towns _vGrowth _zIndia |
||
| 650 |
_aUrbanization _zIndia |
||
| 650 |
_aUrban ecology _zIndia |
||
| 700 | _aDikshit, Jutta K. | ||
| 942 | _cBK | ||